00826nam a2200229 i 4500001001000000003000900010005001700019007000300036008004100039040003000080082002500110100005200135245006400187264006700251300001600318500003700334500004200371500003200413500006200445650004600507650004300553000009270DO-SdBNP20241114124350.0ta090929s1938 dr r 000 1 spa d aDO-SdBNPbspacBNPHUerda aRD861.008bR696p2221 aRodríguez Demorizi, Emilio,d1908-1986eautor10aPoesía popular dominicana /cEmilio Rodríguez Demorizi. aCiudad Trujillo, República Dominicana :bLa Nación,c1938. av ;c19 cm. aLa biblioteca posee el volumen 1 aIncluye notas al pie de las páginas aIncluye índice de nombres aIncluye bibliografía de los poetas presentes en la obra 4aPoesía dominicanaxHistoria y crítica 4aPoesía popularxHistoria y crítica